| 000 -LEADER |
| fixed length control field |
00449nam a22001817a 4500 |
| 003 - CONTROL NUMBER IDENTIFIER |
| control field |
OSt |
| 005 - DATE AND TIME OF LATEST TRANSACTION |
| control field |
20260106120845.0 |
| 008 - FIXED-LENGTH DATA ELEMENTS--GENERAL INFORMATION |
| fixed length control field |
250828b ||||| |||| 00| 0 eng d |
| 020 ## - INTERNATIONAL STANDARD BOOK NUMBER |
| International Standard Book Number |
9789369100699 |
| 040 ## - CATALOGING SOURCE |
| Transcribing agency |
CLC |
| 082 ## - DEWEY DECIMAL CLASSIFICATION NUMBER |
| Classification number |
242 |
| Item number |
SHA/S |
| 100 ## - MAIN ENTRY--PERSONAL NAME |
| Personal name |
Sharma,Bhuvnesh |
| 245 ## - TITLE STATEMENT |
| Title |
Science of Consciousness in Shriram Charit Manas |
| 250 ## - EDITION STATEMENT |
| Edition statement |
1st Edition |
| 260 ## - PUBLICATION, DISTRIBUTION, ETC. |
| Place of publication, distribution, etc. |
Bhopal |
| Name of publisher, distributor, etc. |
Indra Publishing House |
| Date of publication, distribution, etc. |
2025 |
| 300 ## - PHYSICAL DESCRIPTION |
| Extent |
151p. |
| 942 ## - ADDED ENTRY ELEMENTS (KOHA) |
| Koha item type |
Book |
| 952 ## - LOCATION AND ITEM INFORMATION (KOHA) |
| Lost status |
|